00879nam a2200157Ia 4500008004100000020003600041050002100077100001900098245011900117250001100236260003300247300002100280505026600301650006200567700009200629121028s9999 xx 000 0 und d a84-205-4618-6 978-84-205-4618-6 aHD30.28 J63 2006 aJOHNSON, Gerry aDirección estratégica / Gerry Johnson, Kevan Scholes y Richard Whittington ; traducción Yago Moreno López a7a ed. aMadrid : Pearson Educación axxvi, 685 pág. aPrefacio Cómo aprovechar al máximo el manual de dirección estratégica Visita guiada del manual Agradecimientos I. INTRODUCCIÓN Introducción a la parte I 1. Introducción a la estrategia Comentario sobre la parte I Los prismas de la estrategia II.  aNegocios - Administración. 2.Planeamiento estratégico aScholes, Kevan, coaut. II.Whittington, Richard, coaut. III.Moreno López, Yago, tr.Ì